[Event "Sanxenxo Carlos op 11th"]
[Site "Sanxenxo"]
[Date "2019.06.24"]
[Round "3"]
[White "Medarde Santiago, Luis Marcos"]
[Black "Esteban Romo, Francisco J"]
[Result "1-0"]
[WhiteElo "2340"]
[BlackElo "2064"]
[PlyCount "93"]
[EventDate "2019.06.22"]
[EventType "swiss"]
[EventRounds "9"]
[EventCountry "ESP"]
[SourceTitle "CBM 191 Extra"]
[Source "ChessBase"]
[SourceDate "2019.09.30"]
[SourceVersion "1"]
[SourceVersionDate "2019.09.30"]
[SourceQuality "1"]

1. e4 d6 2. d4 Nf6 3. Nc3 Nbd7 4. Nf3 e5 5. Bc4 Be7 6. a4 c6 7. 0-0 0-0 8. h3 a5 9. Re1 exd4 10. Qxd4 Nc5 11. Bf4 Ne6 12. Bxe6 Bxe6 13. Rad1 d5 14. exd5 Nxd5 15. Nxd5 cxd5 16. Be5 f6 17. Bc7 Qd7 18. Qe3 Ra6 19. Bxa5 Re8 20. Bc3 Bf7 21. b3 Rc6 22. Qd3 Qc8 23. Ba1 Rxc2 24. Nd4 Rc7 25. Nf5 Bf8 26. Rxe8 Qxe8 27. Bxf6 Qe4 28. Qxe4 dxe4 29. Bb2 Bxb3 30. Rd8 Kf7 31. Nd4 Be7 32. Ra8 Bd5 33. Nf5 Bf8 34. a5 Rd7 35. Ne3 Bc6 36. Nc4 Rd1+ 37. Kh2 Bd6+ 38. Be5 Bc5 39. Bg3 e3 40. fxe3 Rc1 41. Ne5+ Ke7 42. Nxc6+ bxc6 43. Bf4 Re1 44. a6 Kf7 45. Rc8 Bxe3 46. Bxe3 Rxe3 47. a7 1-0

[Event "Almansa op-A 12th"]
[Site "Almansa"]
[Date "2017.08.06"]
[Round "9"]
[White "Esteban Romo, Francisco J"]
[Black "Amate Tortosa, Bernardo"]
[Result "0-1"]
[WhiteElo "2007"]
[BlackElo "2103"]
[PlyCount "106"]
[EventDate "2017.08.01"]
[EventType "swiss"]
[EventRounds "9"]
[EventCountry "ESP"]
[SourceTitle "CBM 179 Extra"]
[Source "ChessBase"]
[SourceDate "2017.08.23"]
[SourceVersion "1"]
[SourceVersionDate "2017.08.23"]
[SourceQuality "1"]

1. d4 g6 2. Nf3 Bg7 3. c3 d6 4. Bg5 Nd7 5. Nbd2 Ngf6 6. e4 e5 7. Bc4 0-0 8. 0-0 c6 9. Re1 a5 10. a4 Qc7 11. Ba2 b5 12. axb5 cxb5 13. dxe5 dxe5 14. Nf1 Bb7 15. N3d2 Nc5 16. Qc2 Rad8 17. Bxf6 Bxf6 18. Ne3 Nd3 19. Red1 Bg5 20. Bd5 Bxd5 21. Nxd5 Nb4 22. Qb3 Nxd5 23. exd5 Bxd2 24. Rxd2 Qc4 25. Qxc4 bxc4 26. Rxa5 Ra8 27. Rxa8 Rxa8 28. Kf1 Kf8 29. Ke2 Ke7 30. Kd1 Kd6 31. Kc2 Rb8 32. b4 cxb3+ 33. Kb2 f5 34. c4 Kc5 35. Kc3 e4 36. Rd1 b2 37. Kc2 Kxc4 38. d6 Kc5 39. d7 Rd8 40. Kxb2 Kc6 41. Kc3 Rxd7 42. Ra1 Kd6 43. Ra5 Ke6 44. Kc2 Kf6 45. h4 Kg7 46. h5 Kh6 47. hxg6 hxg6 48. Kc3 Kg5 49. Re5 Kf4 50. Re6 g5 51. Rf6 Rd1 52. g3+ Kg4 53. Rb6 Rd3+ 0-1

[Event "Almansa op-A 12th"]
[Site "Almansa"]
[Date "2017.08.04"]
[Round "6"]
[White "Prieto Aranguren, Alain"]
[Black "Esteban Romo, Francisco J"]
[Result "0-1"]
[WhiteElo "2286"]
[BlackElo "2007"]
[PlyCount "202"]
[EventDate "2017.08.01"]
[EventType "swiss"]
[EventRounds "9"]
[EventCountry "ESP"]
[SourceTitle "CBM 179 Extra"]
[Source "ChessBase"]
[SourceDate "2017.08.23"]
[SourceVersion "1"]
[SourceVersionDate "2017.08.23"]
[SourceQuality "1"]

1. d4 d6 2. Nf3 Bg4 3. e4 Nf6 4. Nc3 e6 5. h3 Bh5 6. Qe2 c6 7. g4 Bg6 8. h4 h5 9. g5 Nfd7 10. Bh3 Qb6 11. 0-0 Qa6 12. Qe1 e5 13. Be3 Qa5 14. Qd2 Qc7 15. Nh2 Be7 16. f4 exf4 17. Bxf4 0-0 18. Nf3 a6 19. Rae1 b5 20. Qh2 Nb6 21. e5 dxe5 22. Nxe5 Qd8 23. Nxg6 fxg6 24. Be5 Nc4 25. Be6+ Kh7 26. Rxf8 Bxf8 27. Bxc4 bxc4 28. Rf1 Nd7 29. Rf7 Qe8 30. Qf4 Kg8 31. Rxd7 Qxd7 32. Qe4 Qe6 33. Kg2 Re8 34. Qf4 c5 35. Qf3 cxd4 36. Bxd4 Qf5 37. Qxf5 gxf5 38. Kf3 Bd6 39. Bf2 Be5 40. Na4 Rd8 41. Nb6 Bxb2 42. Nxc4 Bc1 43. Ke2 Kf7 44. Bb6 Rd5 45. a4 g6 46. a5 Bf4 47. Kf3 Bb8 48. Ne3 Rd2 49. c4 Ke6 50. Nd5 Rxd5 51. cxd5+ Kxd5 52. Bf2 Be5 53. Be1 Kc4 54. Bf2 Kb5 55. Bb6 Bd6 56. Bd8 Kc6 57. Bf6 Bb4 58. Bd8 Be1 59. Kf4 Kd5 60. Bb6 Bxh4 61. Bd8 Be1 62. Kf3 Bd2 63. Ke2 Bc3 64. Kf3 Be5 65. Bb6 h4 66. Bd8 h3 67. Bb6 h2 68. Kg2 Ke4 69. Bd8 Bf4 70. Bf6 Kd5 71. Bd8 Kd6 72. Bf6 Kd7 73. Kh1 Bc7 74. Kg2 Kc6 75. Bc3 Kb5 76. Bd2 Kc4 77. Be3 Kd3 78. Bb6 Be5 79. Bd8 Ke2 80. Bb6 Bd6 81. Bd8 h1Q+ 82. Kxh1 Kf3 83. Bb6 Kg4 84. Kg2 Bf4 85. Bd8 Bxg5 86. Bc7 Bd2 87. Bb6 Kf4 88. Bd8 g5 89. Kf2 Ke4 90. Ke2 Bf4 91. Bb6 g4 92. Kf2 Be5 93. Kg2 Kd5 94. Bd8 f4 95. Bg5 Ke4 96. Bd8 f3+ 97. Kh1 Ke3 98. Bb6+ Ke2 99. Bg1 g3 100. Bf2 g2+ 101. Kg1 Bh2+ 0-1